LEADER 03224 am 2200757 n 450 001 9910548299003321 005 20200214 010 $a2-35768-145-4 024 7 $a10.4000/books.eua.2988 035 $a(CKB)4100000012657830 035 $a(FrMaCLE)OB-eua-2988 035 $a(oapen)https://directory.doabooks.org/handle/20.500.12854/85369 035 $a(PPN)260808202 035 $a(EXLCZ)994100000012657830 100 $a20220228j|||||||| ||| 0 101 0 $afre 135 $auu||||||m|||| 181 $ctxt$2rdacontent 182 $cc$2rdamedia 183 $acr$2rdacarrier 200 13$aUn trésor à l'Université d'Avignon $eLa pharmacie de l'Hôpital Sainte-Marthe /$fFrançoise Moreil, Catherine Vieillescazes 210 $aAvignon $cÉditions Universitaires d?Avignon$d2020 215 $a1 online resource (180 p.) 225 1 $aEn-Jeux 311 $a2-35768-058-X 330 $aPour célébrer l'installation de l'Université d'Avignon dans les superbes bâtiments de l?Hôpital Sainte-Marthe, une équipe de chercheurs nous invite à découvrir un site patrimonial d?exception : l'ancienne pharmacie de l'Hôpital. Des recherches historiques aux analyses chimiques, l?ouvrage nous entraîne au c?ur de l'Avignon d?autrefois. Pots et récipients, herbes médicinales et sirops de l?apothicairerie se transforment en autant de pages de la vie municipale et de l?histoire de la médecine des siècles passés. Accompagné par un cahier de photographies de Thomas Bohl, ce livre nous compte la riche histoire d?un bâtiment aujourd?hui abrité dans les locaux de l?université : quelle meilleure façon de marquer les vingt ans de l?un de ses campus ? 606 $aArts & Humanities 606 $ahistoire de la pharmacie 606 $ahistoire de la médecine 606 $aapothicairerie 606 $aAvignon Université 606 $aHôpital Sainte-Marthe (Avignon) 606 $ahistory of medicine 606 $ahistory of pharmacy 606 $aapothecary 606 $aAvignon University 610 $ahistory of medicine 610 $ahistory of pharmacy 610 $aapothecary 610 $aAvignon University 615 4$aArts & Humanities 615 4$ahistoire de la pharmacie 615 4$ahistoire de la médecine 615 4$aapothicairerie 615 4$aAvignon Université 615 4$aHôpital Sainte-Marthe (Avignon) 615 4$ahistory of medicine 615 4$ahistory of pharmacy 615 4$aapothecary 615 4$aAvignon University 700 $aBertozzi$b Jean-Charles$01321064 701 $aBohl$b Thomas$01321065 701 $aEllerkamp$b Philippe$01321066 701 $aJoliot$b Céline$01321067 701 $aLéonelli$b Marie-Claude$01321068 701 $aMathe$b Carole$01321069 701 $aMoreil$b Françoise$01113481 701 $aNicoud$b Marilyn$0619606 701 $aVieillescazes$b Catherine$01321070 701 $aMoreil$b Françoise$01113481 701 $aVieillescazes$b Catherine$01321070 801 0$bFR-FrMaCLE 906 $aBOOK 912 $a9910548299003321 996 $aUn trésor à l'Université d'Avignon$93034503 997 $aUNINA LEADER 04058nam 22006372 450 001 9910792073703321 005 20160303165025.0 010 $a1-107-23800-5 010 $a1-107-30186-6 010 $a1-107-30591-8 010 $a1-107-30915-8 010 $a1-139-54068-8 010 $a1-107-30695-7 010 $a1-107-31470-4 010 $a1-299-25735-6 035 $a(CKB)2560000000098606 035 $a(EBL)1113109 035 $a(OCoLC)824604574 035 $a(SSID)ssj0000877941 035 $a(PQKBManifestationID)11498139 035 $a(PQKBTitleCode)TC0000877941 035 $a(PQKBWorkID)10811378 035 $a(PQKB)10890938 035 $a(UkCbUP)CR9781139540681 035 $a(MiAaPQ)EBC1113109 035 $a(Au-PeEL)EBL1113109 035 $a(CaPaEBR)ebr10656320 035 $a(CaONFJC)MIL456985 035 $a(EXLCZ)992560000000098606 100 $a20120625d2013|||| uy| 0 101 0 $aeng 135 $aur||||||||||| 181 $ctxt$2rdacontent 182 $cc$2rdamedia 183 $acr$2rdacarrier 200 00$aAustralia 1942 $ein the shadow of war /$fedited by Peter J. Dean ; [foreword by Kim Beazley]$b[electronic resource] 210 1$aCambridge :$cCambridge University Press,$d2013. 215 $a1 online resource (xxiii, 248 pages) $cdigital, PDF file(s) 300 $aTitle from publisher's bibliographic system (viewed on 05 Oct 2015). 311 $a1-107-03227-X 311 $a1-107-31250-7 320 $aIncludes bibliographical references and index. 327 $aPart I. Australia in 1942. Australia in 1942: a pivotal year? / David Horner. -- Part II. Relations, Politics and the Home Front. World wars and the anticipation of conflict: the impact on long-established Australian Japanese relations 1905-1943 / Pam Oliver ; The overlooked mission: Australia and home defence / Albert Palazzo ; The home front and the American presence in 1942 / Kate Darian-Smith ; The 'dangers and problems unprecendented and unpredictable': the Curtin government's response to the threat / Ross McMullin. -- Part III. Australia Under Threat. The Japanese Army's 'unplanned' South Pacific campaign / Hiroyuki Shindo ; Japanese strategy and intentions toward Australia / Steve Bullard ; The air raids on Darwin, 19 February 1942: image and reality / Alan Powell. -- Part IV. The War on Australia's Doorstep. Vanquished but defiant victorious but divided -- the RAAF in the Pacific 1942 / Mark Johnston ; The war at sea -- on, above and below the waves / Ian Pfennigwerth ; On Australia's doorstep: Kokoda and Milne Bay / Karl James ; Anzacs and Yanks: US and Australian operations at the beachhead battles / Peter J. Dean ; Conclusion: 1942 in reflection. 330 $aIn 1942, the shadow of modern war reached Australia's shores for the first time. In this compelling volume, leading historians explore why 1942 was such a pivotal year in Australia's history and explain how the nation confronted some of its greatest challenges. This broad ranging study covers key issues from political, economic and home front reform to the establishment of a new partnership with the United States; the role of the Air Force and the Navy; the bombing of Darwin; as well as the battles of Kokoda, Milne Bay, the Beachheads and Guadalcanal. Australia 1942 provides a unique and in-depth exploration of the controversy surrounding the potential for invasion. Japanese and Australian historians offer perspectives on Japanese military intentions and strategies towards Australia and the South Pacific. Generously illustrated, it is essential reading for anyone interested in one of Australia's most decisive and critical years. 606 $aWorld War, 1939-1945$zAustralia 607 $aAustralia$2fast 607 $aAustralien$2gnd 615 0$aWorld War, 1939-1945 676 $a940.5394 702 $aDean$b Peter J$g(Peter John),$f1974- 801 0$bUkCbUP 801 1$bUkCbUP 906 $aBOOK 912 $a9910792073703321 996 $aAustralia 1942$93775742 997 $aUNINA